000 00615nam a2200229 i 4500
001 C2-0302241
003 PPAK
005 20180728083322.0
008 100118s2001 nyu |||| ||||| | eng d
020 _a9780064472883 ; 0064472884
040 _aPPAK
_beng
_cPPAK
_erda
082 0 4 _a813.54
_223
090 0 0 _a813.54
_bMYE
_dLCK
100 1 _aMyers, Walter Dean.,
_eauthor
245 1 0 _aBad boy
_ba memoir
264 1 _aNew York :
_bHarperCollins ,
_c2001
300 _a214 pages ;
_c22 cm
336 _2rdacontent
_atext
337 _2rdamedia
_aunmediated
338 _2rdacarrier
_avolume
942 _ddc
_cB
999 _c105912
_d105912